El Evangelio es Jesús: Pautas para una nueva comprensión del evangelio según Juan.
Guardat en:
| Autor principal: | |
|---|---|
| Format: | Desconegut |
| Idioma: | anglès |
| Publicat: |
Estella, Navarra, España:
Editorial Verbo Divino,
2010.
|
| Col·lecció: | Estudios Bíblicos,
|
| Matèries: | |
| Etiquetes: |
Afegir etiqueta
Sense etiquetes, Sigues el primer a etiquetar aquest registre!
|
MARC
| LEADER | 00000 a2200000 4500 | ||
|---|---|---|---|
| 003 | CL-VaPUC | ||
| 005 | 20241118155710.0 | ||
| 008 | 241107t ||||| |||| 00| 0 eng d | ||
| 999 | |c 445357 |d 445355 | ||
| 020 | |a 9788499451053 | ||
| 040 | |c Pontificia Universidad Católica de Valparaíso | ||
| 082 | |a 226.506 TUÑ 2010 | ||
| 100 | |a Tuñí Vancells, Josep Oriol |9 892933 |e autor | ||
| 245 | |a El Evangelio es Jesús: |b Pautas para una nueva comprensión del evangelio según Juan. | ||
| 260 | |a Estella, Navarra, España: |b Editorial Verbo Divino, |c 2010. | ||
| 300 | |a 256 páginas. | ||
| 440 | |9 893362 |a Estudios Bíblicos, |n 39. | ||
| 583 | |k Cristina María Rojas Aguilar |c 20241107 | ||
| 600 | 0 | |9 337229 |a San Juan Evangelista |e Discípulo y apóstol de Jesús de Nazaret |x Interpretación de la obra | |
| 650 | 0 | |9 536353 |a Evangelio de San Juan |x Análisis de textos bíblicos |x Critica e interpretación | |
| 650 | 0 | |9 503749 |a Jesucristo |x Vida y misión |x Biblia | |
| 942 | |2 ddc |c BK | ||
| 952 | |0 0 |1 0 |2 ddc |4 0 |6 226_506000000000000_TUÑ_2010 |7 0 |8 A |9 597833 |a BIBTEO |b BIBTEO |d 2024-11-07 |e 8 |g 32550.00 |i 5663121 |o 226.506 TUÑ 2010 |p 5663121 |r 2025-01-17 |t 1 |v 32550.00 |w 2024-11-07 |y BK |k ICR | ||